00435nam a2200133Ia 4500020001800000082002800018100002400046245006000070260003800130300001500168504001900183650005600202650004300258 a0-8108-0487-5 a010.92 STU-A SL1 aStueart, Robert D.; 0aArea specialist bibliographer: an inquiry into his role aNew JerseybScarecrow Pressc1972 axvi, 152p. aIncludes index aCollege librarians - Faculty status - United States aArea specialist bibliographers - India